<?xml version="1.0" encoding="UTF-8"?>
<collection xmlns="http://www.loc.gov/MARC21/slim">
  <record>
    <leader>00000nam  2200000   4500</leader>
    <controlfield tag="001">000150</controlfield>
    <datafield tag="020" ind1=" " ind2=" ">
      <subfield code="9">786238247219</subfield>
    </datafield>
    <datafield tag="082" ind1=" " ind2=" ">
      <subfield code="6">36.932</subfield>
    </datafield>
    <datafield tag="100" ind1=" " ind2=" ">
      <subfield code="E">rlita Mega</subfield>
    </datafield>
    <datafield tag="245" ind1=" " ind2=" ">
      <subfield code="1">9 jenis kelinci paling populer</subfield>
    </datafield>
    <datafield tag="250" ind1=" " ind2=" ">
      <subfield code="E">disi I</subfield>
    </datafield>
    <datafield tag="264" ind1=" " ind2=" ">
      <subfield code="Y">ogyakarta: Rumah Baca 2023</subfield>
    </datafield>
    <datafield tag="300" ind1=" " ind2=" ">
      <subfield code="v">i, 50 halaman; 22 cm.</subfield>
    </datafield>
    <datafield tag="650" ind1=" " ind2=" ">
      <subfield code="P">eternakan</subfield>
    </datafield>
    <datafield tag="905" ind1=" " ind2=" ">
      <subfield code="6">36.932 ERL s</subfield>
    </datafield>
    <datafield tag="336" ind1=" " ind2=" ">
      <subfield code="a"/>
    </datafield>
    <datafield tag="337" ind1=" " ind2=" ">
      <subfield code="a"/>
    </datafield>
    <datafield tag="338" ind1=" " ind2=" ">
      <subfield code="a"/>
    </datafield>
    <controlfield tag="005">20260702151432.0</controlfield>
    <controlfield tag="008">260702s2026\\\\\\\\\\\\\\\\\\\\\\\\\\\\\\\\\\\\\\\\\</controlfield>
  </record>
</collection>
